00842nam a2200301Ia 4500001000700000003000500007008004100012010001100053020001800064040000900082082001400091100003700105245004100142250001100183260004800194300001100242440005800253503001700311504003300328650002000361901001400381902000600395910000900401942000600410942000700416999001900423952009800442Z_3647CHAP220113s1980 xx 000 0 und d a166729 a0-408-70941-3 cCHAP a636.2 R69 aRoy, James Henry Berston9140848 aThe calf /cJames Henry Berston Roy a4a ed. aLondon, Reino Unido :bButterworths,c1980 a442 p. aStudies in the agricultural and food sciences9110084 aej.1: 126835 aBibliografía: p. 406 - 412 aBecerros911171 a636.2 R69 aM a1980 c1 cc1 c166729d166729 00102ddc40708GRALaZbZc1d2005-11-09pz_4040r2022-01-18 00:00:00t1w2022-01-18yLIBRO